000 00617nam a2200241Ia 4500
003 OSt
005 20221007103313.0
006 a|||||r|||| 00| 0
007 ta
008 221006b |||||||| |||| 00| 0 hin d
024 _a12,769
037 _cTextual
040 _aLCO
_cLCO
_bhin
041 _2hin
_ahin
082 _aZ2,5q, N0
100 _aGupta H.P.
245 0 _aBhartiya Dhand Sanhita
260 _aAllahabad
_bAllahabad Law Agency Publication India
_c1990
300 _a468
650 _aIndian Penal Code
942 _hZ2,5q, N0
_cTEXL
999 _c1182332
_d1182332